A cidade do ouro e das ruínas : (Record no. 1227)

MARC details
000 -LÍDER
Campo Fixo de Controle 00901nam a2200253 a 4500
001 - NÚMERO DE CONTROLE
Campo de Controle 1227
003 - IDENTIFICAÇÃO DO NÚMERO DE CONTROLE
Campo de Controle BR-CuiBMT
005 - DATA E HORA DA ÚLTIMA ATUALIZAÇÃO
Campo de Controle 20231204234359.0
008 - DADOS FIXOS
Dados Fixos 231201s2012 mtb 000 0 por d
040 ## - AGÊNCIA CATALOGADORA
Código da Agência Catalogadora BR-CuiBMT
Agência que transcreveu o registro BR-CuiBMT
080 ## - Nº DA CLASSIFICAÇÃO DECIMAL UNIVERSAL
Nº edição CDU 2007
Nº Class. CDU 94
Subd. Auxiliar Comum (817.2)
090 ## - NÚMERO DE CHAMADA
Nº classificação 94(817.2)
Cutter T226a
100 1# - ENTRADA PRINCIPAL -- AUTOR PESSOAL
Nome pessoal Taunay, Alfredo d'Escragnolle Taunay,
Títulos e outras palavras associadas ao nome Visconde de,
Datas associadas ao nome 1843-1899
245 12 - TÍTULO PRINCIPAL
Título principal A cidade do ouro e das ruínas :
Subtítulo Matto-Grosso, antiga Vila Bela, o Rio Guaporé e a sua mais ilustre vítima /
Indicação de responsabilidade Alfredo D'Escragnole de Taunay.
260 ## - PUBLICAÇÃO, DISTRIBUIÇÃO, ETC.
Local de publicação Cuiabá :
Editora SEC-MT;
-- Integrar;
-- Defanti,
Data 2012.
300 ## - DESCRIÇÃO FÍSICA
N. páginas ou volumes 114 p. ;
Dimensões 21 cm
490 1# - INDICAÇÃO DE SÉRIE
Título da série Coleção memórias históricas
650 ## - ASSUNTO TÓPICO
Cabeçalho tópico ou nome geográfico História
Subdivisão geográfica Mato Grosso
650 ## - ASSUNTO TÓPICO
Cabeçalho tópico ou nome geográfico Garimpos
Subdivisão geral História
Subdivisão geográfica Mato Grosso
650 ## - ASSUNTO TÓPICO
Cabeçalho tópico ou nome geográfico Vila Bela da Santíssma Trindade (MT)
650 ## - ASSUNTO TÓPICO
Cabeçalho tópico ou nome geográfico Rio Guaporé (MT)
830 #0 - ENTRADA SECUNDÁRIA DE SÉRIE -- TÍTULO UNIFORME
Título uniforme Memórias históricas
942 ## - ELEMENTOS DE ENTRADA ADICIONAIS (KOHA)
Fonte de classificação ou esquema de arquivamento Classificação Decimal Universal
Tipo de item do Koha Livros
Holdings
Estado: removido Estado: perdido Fonte de classificação ou esquema de arquivamento Estado: danificado Indisponível para empréstimo Localização permanente Localização atual Data de aquisição Total Checkouts Número de Chamada completo Código de barras Date last seen Número do exemplar Preço efetivo a partir de Tipo de item (Koha)
    Classificação Decimal Universal     Biblioteca da Escola Superior de Contas do TCE/MT Biblioteca da Escola Superior de Contas do TCE/MT 01/12/2023   94(817.2) T226a BIBTCEMT23120029 01/12/2023 Ex. 1 01/12/2023 Livros

Powered by Koha